| 000 | 00623nam a22002537a 4500 | ||
|---|---|---|---|
| 003 | OSt | ||
| 005 | 20260423134345.0 | ||
| 007 | ta | ||
| 008 | 260423b bl ||||| |||| 00| 0 por d | ||
| 020 | _q(encad.) | ||
| 040 |
_bpor _cOSt |
||
| 041 | 0 |
_apor _hpor |
|
| 082 |
_a342.6529 _bP324a |
||
| 100 | 1 |
_aPaula, Carlos Alberto Reis de _91131 |
|
| 210 | _2O aviso prévio | ||
| 245 | 1 | 2 | _aO aviso prévio / |
| 260 |
_aSão Paulo : _bLTr, _c1988. |
||
| 300 |
_a95 p. : _c21 cm |
||
| 504 | _aBibliografia: p. 89-93 | ||
| 650 | 0 | 4 | _aAviso prévio |
| 650 | 0 | 4 | _aLeis e legislação |
| 650 | 0 | 4 | _aBrasil |
| 942 |
_2ddc _cLIV _n0 |
||
| 999 |
_c826 _d826 |
||